00833nam a2200229 a 450000100100000000500170001000800410002704000250006808200250009310000630011824500750018125000110025626000330026730000260030049000270032665000280035365000320038183000350041304900090044895201290045799900170058600001245720200929163027.0091112s1973 ck r 001 f spa d aDO-SdBNPbspacBNPHU aC863.42bG643n, 19731 aGonzález, Fernando,q(Fernando González Ochoa),92918414aLos negroides :bensayo sobre la gran Colombia /cFernando González. a3a ed. aMedellín :bBedout,c1973. a155, [4] p. ;c19 cm.1 aBolsilibros Bedoutv67 4aNovela colombiana91243 4aLiteratura colombiana91244 0aBolsilibros Bedout ;v6793750 aBNGR 001052708MOaGRbGRcCTd2009-11-12iLF1l0oC863.42 G643n, 1973p12457-10r2020-06-25w2020-06-25y2ZPréstamo interno c12114d12114